Les mémoires de J. E. Bernier

Sábháilte in:
Sonraí bibleagrafaíochta
Príomhchruthaitheoir: Bernier, J. E.
Formáid: LEABHAR
Teanga:Undetermined
Foilsithe / Cruthaithe: Montreal, Canadá Quinze 1983
Ábhair:
Clibeanna: Cuir clib leis
Níl clibeanna ann, Bí ar an gcéad duine le clib a chur leis an taifead seo!

MARC

LEADER 00000nam a2200000Ia 4500
008 170316s9999 xx 000 0 und d
040 |a cru BVZT 
090 |a 818 B-7m 
100 |a Bernier, J. E. 
245 |a Les mémoires de J. E. Bernier  |c Paul Terrien, traductor 
260 |a Montreal, Canadá 
260 |b Quinze 
260 |c 1983 
300 |a 205 páginas 
650 |a LITERATURA CANADIENSE 
999 |c 6367  |d 6367 
942 |c 15 D  |h 818 B-7m  |2 z